Základné oblasti vplyvu Európskej únie na rastový potenciál regiónov Slovenska

Poznatky o rastovom potenciáli regiónov Slovenska s osobitným zreteľom na vplyv štrukturálnej pomoci Európskej únie na tento potenciál. Charakteristika základných špecifík rastového potenciálu regiónov a kvantifikácia ukazovateľov naznačujúcich jeho doterajšie využitie. Identifikácia hlavných oblast...

Descrizione completa

Salvato in:
Dettagli Bibliografici
Autore principale: Kárász, Pavol
Natura: Capitolo di libro
Lingua:slovacco
Soggetti:
Tags: Aggiungi Tag
Nessun Tag, puoi essere il primo ad aggiungerne!!

MARC

LEADER 00000naa$a2200000$$$4500
001 0026775
005 20231102102844.4
041 0 |a slo 
044 |a SK 
245 1 0 |a Základné oblasti vplyvu Európskej únie na rastový potenciál regiónov Slovenska  |c Pavol Kárász 
520 |a Poznatky o rastovom potenciáli regiónov Slovenska s osobitným zreteľom na vplyv štrukturálnej pomoci Európskej únie na tento potenciál. Charakteristika základných špecifík rastového potenciálu regiónov a kvantifikácia ukazovateľov naznačujúcich jeho doterajšie využitie. Identifikácia hlavných oblastí podpory regionálneho rozvoja v programovacom období 2004-2006 vrátane charakteristiky očakávaných výsledkov a ich význam pre ďalší rozvoj ekonomiky. 
610 2 0 |a regióny 
610 2 0 |a Slovensko 
610 2 0 |a úroveň životná 
610 2 0 |a rast hospodársky 
610 2 0 |a kapitál ľudský 
610 2 0 |a aktivita hospodárska 
610 2 0 |a kapitál fixný 
610 2 0 |a investície priame zahraničné 
610 2 0 |a rozvoj regionálny 
100 1 |a Kárász, Pavol